00920nam a2200229 a 450000100060000000300080000600500170001400800410003103500190007204000370009104100080012808200240013610000290016024502070018926000580039630000270045450400500048165000280053165000340055965100570059371000400065042257BD-RjUL20211209053520.0160611s19451944nyua b 001 0 eng d a(BD-RjUL)42375 aWSUcWSUdIAYdEQOdBD-RjULbeng aeng 223a956.9bFIA 19451 aFink, Reubend1889-1961.10aAmerica and Palestine :bthe attitude of official America and of the American people toward the rebuilding of Palestine as a free and democratic Jewish Commonwealth /cprepared and edited by Reuben Fink aNew York :bAmerican Zionist Emergency Council,c1944 a522 p. :bill ;c24 cm aIncludes bibliographical references and index 0aZionismzUnited States. 0aPublic opinionzUnited States 0aUnited StatesxPolitics and governmenty20th century2 aAmerican Zionist Emergency Council.